Practical business communication : communicate with confidence
| Main Author: | |
|---|---|
| Format: | Book |
| Published: |
Petaling Jaya :
Golden Book Centre ,
2005
|
| Subjects: |
MARC
| LEADER | 00000cam a2200000 7i4500 | ||
|---|---|---|---|
| 001 | 0000003374 | ||
| 005 | 20050824.0 | ||
| 020 | 0 | 0 | |a 9837205393 |
| 090 | 0 | 0 | |a 658.45 |b HEN |
| 100 | 1 | 0 | |a Henderson, Henry |
| 245 | 1 | 0 | |a Practical business communication : |b communicate with confidence |c Henry Henderson |
| 260 | 0 | 0 | |a Petaling Jaya : |b Golden Book Centre , |c 2005 |
| 300 | |a iv, 268p. : |b ill. ; |c 23cm. | ||
| 650 | 0 | 0 | |a Business communication |
| 650 | 0 | 0 | |a Business |x Management |
| 999 | |a 0000006302 |b Monograph |c Open Shelf |e Default branch | ||